[Event "17. Obert Int. Sant Marti 2015 - B"]
[Site "Barcelona ESP"]
[Date "2015.07.18"]
[Round "6.59"]
[White "Lopez Oliva, Victor"]
[Black "Porta Guiu, Lourdes"]
[Result "1-0"]
[WhiteElo "1753"]
[BlackElo "1700"]
[PlyCount "99"]
[EventDate "2015.07.13"]
[EventType "swiss"]
[EventRounds "9"]
[EventCountry "ESP"]
[SourceTitle "Ajedrez en Madrid"]
[Source "lmi"]
[SourceDate "2015.07.13"]
[SourceVersion "1"]
[SourceVersionDate "2019.06.21"]
[SourceQuality "1"]

1. c4 c5 2. g3 g6 3. Bg2 Bg7 4. Nf3 e6 5. O-O Nc6 6. d3 Nge7 7. Nc3 O-O 8. Rb1
Rb8 9. Bf4 e5 10. Bc1 d6 11. Ne1 Bf5 12. Nc2 a5 13. Ne3 Be6 14. b3 f5 15. Ned5
e4 16. dxe4 Bxc3 17. Nxc3 Qd7 18. exf5 Bxf5 19. Ne4 b5 20. Bb2 d5 21. cxd5 Nxd5
22. Qxd5+ Qxd5 23. Nf6+ Rxf6 24. Bxd5+ Kg7 25. Bxf6+ Kxf6 26. Bxc6 Bxb1 27.
Rxb1 b4 28. Re1 g5 29. e4 Ke5 30. Rf1 Rc8 31. Bd5 a4 32. f4+ Kd4 33. f5 Kc3 34.
f6 Kd4 35. f7 Rf8 36. Rf5 g4 37. Rg5 a3 38. Rg8 Rxf7 39. Bxf7 Kxe4 40. Rd8 c4
41. bxc4 Kf5 42. c5 Kf6 43. Bb3 Ke7 44. Rd1 Kf6 45. c6 Kg5 46. c7 h5 47. c8=Q
h4 48. Rd5+ Kf6 49. Qc6+ Ke7 50. Rd7+ 1-0

[Event "17. Obert Int. Sant Marti 2015 - B"]
[Site "Barcelona ESP"]
[Date "2015.07.18"]
[Round "6.60"]
[White "Martin Valentin, Manuel"]
[Black "Navarro Oliva, Ivan Tomás"]
[Result "1-0"]
[WhiteElo "1750"]
[BlackElo "1686"]
[PlyCount "99"]
[EventDate "2015.07.13"]
[EventType "swiss"]
[EventRounds "9"]
[EventCountry "ESP"]
[SourceTitle "Ajedrez en Madrid"]
[Source "lmi"]
[SourceDate "2015.07.13"]
[SourceVersion "1"]
[SourceVersionDate "2019.06.21"]
[SourceQuality "1"]

1. e4 e5 2. Nf3 Nc6 3. Bc4 Nf6 4. d4 d6 5. dxe5 dxe5 6. Qxd8+ Kxd8 7. Bxf7 Nxe4
8. O-O Nf6 9. Bg5 Bd6 10. c3 h6 11. Bxf6+ gxf6 12. Nbd2 Bg4 13. h3 Bxf3 14.
Nxf3 Ke7 15. Bd5 Na5 16. b3 c6 17. Be4 Kd7 18. Bf5+ Kc7 19. Rfe1 b6 20. Rad1
Rad8 21. Re2 Nb7 22. Red2 Be7 23. Rd7+ Rxd7 24. Rxd7+ Kb8 25. Rxe7 Nd6 26. Bc2
f5 27. Rxe5 Rf8 28. Nd4 Ne4 29. Bxe4 fxe4 30. Rxe4 Kb7 31. Re6 c5 32. Re7+ Ka6
33. Nf3 Rf6 34. Kf1 Rd6 35. Ke2 b5 36. Re5 Kb6 37. Ke3 a5 38. Nd2 Rg6 39. g4
Rc6 40. f4 b4 41. Nc4+ Kb5 42. cxb4 axb4 43. Ke4 Ra6 44. Kd5 Rxa2 45. f5 Rf2
46. Re3 Rf4 47. Rg3 h5 48. Ke5 Rxc4 49. bxc4+ Kxc4 50. f6 1-0

[Event "17. Obert Int. Sant Marti 2015 - B"]
[Site "Barcelona ESP"]
[Date "2015.07.18"]
[Round "6.61"]
[White "Molina Tabernero, Jordi"]
[Black "Ramos Fernández, Pilar"]
[Result "1-0"]
[WhiteElo "1729"]
[BlackElo "1609"]
[PlyCount "63"]
[EventDate "2015.07.13"]
[EventType "swiss"]
[EventRounds "9"]
[EventCountry "ESP"]
[SourceTitle "Ajedrez en Madrid"]
[Source "lmi"]
[SourceDate "2015.07.13"]
[SourceVersion "1"]
[SourceVersionDate "2019.06.21"]
[SourceQuality "1"]

1. d4 Nf6 2. Bg5 h6 3. Bxf6 exf6 4. e4 Nc6 5. Bc4 Qe7 6. Nc3 f5 7. e5 d6 8. Nd5
Qh4 9. Nxc7+ Kd7 10. Nxa8 Nxd4 11. Qd3 dxe5 12. Bb5+ Kd8 13. Nf3 Bb4+ 14. c3
Qe4+ 15. Qxe4 fxe4 16. O-O-O exf3 17. cxb4 fxg2 18. Rhg1 Bh3 19. Rd3 Ke7 20.
Rxh3 Rc8+ 21. Rc3 Rxa8 22. Bd3 Nf3 23. Rxg2 Ne1 24. Rxg7 Nxd3+ 25. Rxd3 Rc8+
26. Rc3 Rd8 27. Rc7+ Kf6 28. Rgxf7+ Kg6 29. Rxb7 a6 30. Rg7+ Kh5 31. Rb6 Kh4
32. Rxh6# 1-0

[Event "17. Obert Int. Sant Marti 2015 - B"]
[Site "Barcelona ESP"]
[Date "2015.07.18"]
[Round "6.62"]
[White "Cassi De La Viuda, Àlex"]
[Black "Perez Serrallonga, Maxima"]
[Result "1-0"]
[WhiteElo "1727"]
[BlackElo "1655"]
[PlyCount "75"]
[EventDate "2015.07.13"]
[EventType "swiss"]
[EventRounds "9"]
[EventCountry "ESP"]
[SourceTitle "Ajedrez en Madrid"]
[Source "lmi"]
[SourceDate "2015.07.13"]
[SourceVersion "1"]
[SourceVersionDate "2019.06.21"]
[SourceQuality "1"]

1. e4 e5 2. Nf3 Nc6 3. Bb5 d6 4. d4 Bd7 5. Bxc6 Bxc6 6. O-O Bxe4 7. dxe5 Bxf3
8. Qxf3 Rb8 9. exd6 Bxd6 10. Re1+ Ne7 11. Qg4 O-O 12. Bh6 Ng6 13. Bg5 f6 14.
Be3 b6 15. Nc3 Ne5 16. Qe6+ Kh8 17. h3 Re8 18. Qb3 a5 19. f4 Ng6 20. Rad1 Qc8
21. Nd5 Qf5 22. Qc3 Nxf4 23. Nxc7 Red8 24. Qc6 Qe5 25. Bxb6 Ne2+ 26. Kf1 Ng3+
27. Kg1 Qf4 28. Bf2 h6 29. Ne6 Ne2+ 30. Rxe2 Qh2+ 31. Kf1 Rdc8 32. Qxd6 Qh1+
33. Bg1 Rb5 34. Qd7 Rf5+ 35. Rf2 Rxf2+ 36. Kxf2 Rxc2+ 37. Rd2 Rc1 38. Qxg7# 1-0

[Event "17. Obert Int. Sant Marti 2015 - B"]
[Site "Barcelona ESP"]
[Date "2015.07.18"]
[Round "6.63"]
[White "Bienvenido Kleque, Jose"]
[Black "Gracia Vila, Frederic"]
[Result "1/2-1/2"]
[WhiteElo "1717"]
[BlackElo "1727"]
[PlyCount "66"]
[EventDate "2015.07.13"]
[EventType "swiss"]
[EventRounds "9"]
[EventCountry "ESP"]
[SourceTitle "Ajedrez en Madrid"]
[Source "lmi"]
[SourceDate "2015.07.13"]
[SourceVersion "1"]
[SourceVersionDate "2019.06.21"]
[SourceQuality "1"]

1. Nf3 Nf6 2. b3 g6 3. Bb2 Bg7 4. e3 d5 5. d4 O-O 6. c4 c6 7. Nbd2 Qa5 8. Be2
Bf5 9. O-O Nbd7 10. Re1 Ne4 11. Nxe4 Bxe4 12. Bd3 Nf6 13. Bxe4 Nxe4 14. Qc2
Rac8 15. c5 Qc7 16. Rad1 f5 17. Ne5 f4 18. f3 Nf6 19. exf4 Nh5 20. g3 Nf6 21.
Re2 Nd7 22. Nxd7 Qxd7 23. Kg2 Rf5 24. Rde1 Bf6 25. Qd2 Qc7 26. Bc1 g5 27. fxg5
Rxg5 28. Qd3 Rg6 29. Bf4 Qd7 30. b4 Rf8 31. a3 Rf7 32. Re6 Rfg7 33. R1e2 Rf7
1/2-1/2

[Event "17. Obert Int. Sant Marti 2015 - B"]
[Site "Barcelona ESP"]
[Date "2015.07.18"]
[Round "6.64"]
[White "Siegel, Rainer"]
[Black "Porta Chicote, David"]
[Result "1-0"]
[WhiteElo "1647"]
[BlackElo "1753"]
[PlyCount "87"]
[EventDate "2015.07.13"]
[EventType "swiss"]
[EventRounds "9"]
[EventCountry "ESP"]
[SourceTitle "Ajedrez en Madrid"]
[Source "lmi"]
[SourceDate "2015.07.13"]
[SourceVersion "1"]
[SourceVersionDate "2019.06.21"]
[SourceQuality "1"]

1. d3 d5 2. Nd2 c5 3. g3 Nf6 4. Bg2 Nc6 5. Ngf3 e6 6. O-O Bd6 7. Re1 O-O 8. e4
Qc7 9. c3 dxe4 10. dxe4 Rd8 11. Qc2 e5 12. Nc4 Be7 13. Bg5 Be6 14. Ne3 h6 15.
Bxf6 Bxf6 16. Rad1 Ne7 17. b3 g6 18. Nd2 b5 19. Bf1 a6 20. Be2 h5 21. Nf3 c4
22. bxc4 Bxc4 23. Nxc4 bxc4 24. Qa4 Rdc8 25. Nd2 Qc6 26. Qc2 h4 27. Bxc4 hxg3
28. hxg3 Kg7 29. Re3 Bg5 30. Bd5 Nxd5 31. exd5 Qxd5 32. Nf3 Qc6 33. Nxe5 Qc5
34. Nd7 Qc6 35. Red3 Bf6 36. Rd6 Qxc3 37. Qxc3 Bxc3 38. Nb6 Be5 39. R6d5 Bc3
40. Nxc8 Rxc8 41. Rc1 a5 42. Rd3 Bb4 43. Rxc8 Be7 44. Rd7 1-0

[Event "17. Obert Int. Sant Marti 2015 - B"]
[Site "Barcelona ESP"]
[Date "2015.07.18"]
[Round "6.65"]
[White "Blanes Gay, Sir Nil"]
[Black "Martimpé Burgués, Xavier"]
[Result "0-1"]
[WhiteElo "1679"]
[BlackElo "1611"]
[PlyCount "74"]
[EventDate "2015.07.13"]
[EventType "swiss"]
[EventRounds "9"]
[EventCountry "ESP"]
[SourceTitle "Ajedrez en Madrid"]
[Source "lmi"]
[SourceDate "2015.07.13"]
[SourceVersion "1"]
[SourceVersionDate "2019.06.21"]
[SourceQuality "1"]

1. e4 e5 2. Nf3 Nc6 3. Bc4 h6 4. Nc3 Nf6 5. d3 Bb4 6. Bd2 a6 7. a3 Bc5 8. O-O
d6 9. h3 Nd4 10. Nxd4 Bxd4 11. Qf3 O-O 12. Rab1 b5 13. Bb3 Bb7 14. Nd5 c6 15.
c3 Ba7 16. Ne3 Bc8 17. Nf5 Bxf5 18. exf5 d5 19. Bd1 e4 20. Qg3 Kh7 21. Kh2 Bb8
22. Bf4 Bxf4 23. Qxf4 exd3 24. f3 Ra7 25. Qd4 Qd6+ 26. g3 Re7 27. Qxd3 Kg8 28.
b4 Nh5 29. f4 Rfe8 30. Bxh5 Re3 31. Qd4 R8e4 32. Qa7 Qf6 33. g4 Re2+ 34. Kh1 g6
35. g5 Qxf5 36. Bxe2 Rxe2 37. Qg1 Qxh3+ 0-1

[Event "17. Obert Int. Sant Marti 2015 - B"]
[Site "Barcelona ESP"]
[Date "2015.07.18"]
[Round "6.66"]
[White "Trabado Nieto, David"]
[Black "Castellvell Diez, Maria Nuria"]
[Result "1-0"]
[WhiteElo "1722"]
[BlackElo "1566"]
[PlyCount "45"]
[EventDate "2015.07.13"]
[EventType "swiss"]
[EventRounds "9"]
[EventCountry "ESP"]
[SourceTitle "Ajedrez en Madrid"]
[Source "lmi"]
[SourceDate "2015.07.13"]
[SourceVersion "1"]
[SourceVersionDate "2019.06.21"]
[SourceQuality "1"]

1. d4 b6 2. e4 Nf6 3. Nc3 Bb7 4. e5 Nh5 5. Qxh5 g6 6. Qd1 d5 7. Nf3 Bg7 8. Ng5
Qd7 9. Qf3 f6 10. Bb5 c6 11. Bxc6 Nxc6 12. Nxd5 Nxd4 13. Qd3 Qxd5 14. c4 O-O
15. cxd5 Bxd5 16. Qxd4 Bxg2 17. Qc4+ Kh8 18. Rg1 Rac8 19. Qa6 Rc2 20. Rxg2 fxe5
21. Ne6 Rf5 22. Qxa7 Bf6 23. Qa8+ 1-0

[Event "17. Obert Int. Sant Marti 2015 - B"]
[Site "Barcelona ESP"]
[Date "2015.07.19"]
[Round "7.1"]
[White "Riu Lopez, Sergi"]
[Black "Walter Travella, German"]
[Result "1/2-1/2"]
[WhiteElo "2018"]
[BlackElo "2028"]
[PlyCount "75"]
[EventDate "2015.07.13"]
[EventType "swiss"]
[EventRounds "9"]
[EventCountry "ESP"]
[SourceTitle "Ajedrez en Madrid"]
[Source "lmi"]
[SourceDate "2015.07.13"]
[SourceVersion "1"]
[SourceVersionDate "2019.06.21"]
[SourceQuality "1"]

1. e4 d5 2. exd5 Qxd5 3. Nc3 Qd6 4. d4 Nf6 5. Nf3 a6 6. g3 b5 7. Bf4 Qe6+ 8.
Ne2 Qc6 9. Bg2 Bb7 10. O-O e6 11. Nc3 Bd6 12. Qd2 b4 13. Nh4 Qb6 14. Na4 Qa7
15. Bxd6 cxd6 16. Qxb4 Bxg2 17. Nxg2 Qc7 18. Nb6 Ra7 19. Nc4 Ne4 20. f3 Nc6 21.
Qa4 Nf6 22. Na5 Qxa5 23. Qxc6+ Ke7 24. Qc4 Rb8 25. Rfb1 Rab7 26. b3 Rc7 27. Qe2
Qc3 28. Rd1 Qxc2 29. Qxa6 Qc3 30. Qe2 Nd5 31. f4 Qb4 32. Qd2 Qa3 33. Ne3 Nxe3
34. Qxe3 Rc2 35. Rd2 Rxd2 36. Qxd2 Rxb3 37. axb3 Qxa1+ 38. Kg2 1/2-1/2

[Event "17. Obert Int. Sant Marti 2015 - B"]
[Site "Barcelona ESP"]
[Date "2015.07.19"]
[Round "7.2"]
[White "Riera Danes, Manel"]
[Black "Ros Montes, Daniel"]
[Result "1/2-1/2"]
[WhiteElo "1996"]
[BlackElo "2039"]
[PlyCount "54"]
[EventDate "2015.07.13"]
[EventType "swiss"]
[EventRounds "9"]
[EventCountry "ESP"]
[SourceTitle "Ajedrez en Madrid"]
[Source "lmi"]
[SourceDate "2015.07.13"]
[SourceVersion "1"]
[SourceVersionDate "2019.06.21"]
[SourceQuality "1"]

1. e4 e5 2. Nf3 Nc6 3. d4 exd4 4. Nxd4 Nf6 5. Nc3 Bb4 6. Nxc6 Bxc3+ 7. bxc3
dxc6 8. Bd3 O-O 9. O-O c5 10. Qf3 Bg4 11. Qg3 Qd7 12. h3 Bh5 13. c4 Bg6 14. Bb2
Rfe8 15. Rae1 Qc6 16. f4 Nxe4 17. Bxe4 Rxe4 18. f5 Rxc4 19. fxg6 Qxg6 20. Qxg6
hxg6 21. Rf2 Kf8 22. Rd1 f6 23. Rd7 Rc8 24. Re2 Re8 25. Red2 Re7 26. Rd8+ Re8
27. R8d3 Rce4 1/2-1/2

[Event "17. Obert Int. Sant Marti 2015 - B"]
[Site "Barcelona ESP"]
[Date "2015.07.19"]
[Round "7.3"]
[White "Garcia Ruiz, Adrian"]
[Black "Moysen Cortes, Jessica"]
[Result "1-0"]
[WhiteElo "2044"]
[BlackElo "1961"]
[PlyCount "109"]
[EventDate "2015.07.13"]
[EventType "swiss"]
[EventRounds "9"]
[EventCountry "ESP"]
[SourceTitle "Ajedrez en Madrid"]
[Source "lmi"]
[SourceDate "2015.07.13"]
[SourceVersion "1"]
[SourceVersionDate "2019.06.21"]
[SourceQuality "1"]

1. Nf3 Nf6 2. c4 c5 3. Nc3 Nc6 4. d4 cxd4 5. Nxd4 a6 6. e4 e5 7. Nf5 d6 8. Ne3
Be6 9. Be2 Nd4 10. Nc2 Nxe2 11. Qxe2 Rc8 12. Ne3 Be7 13. O-O O-O 14. Kh1 Qd7
15. f4 Qc6 16. Ned5 Bd8 17. f5 Bxd5 18. cxd5 Qc4 19. Qf3 Ba5 20. Bg5 Bxc3 21.
Bxf6 gxf6 22. bxc3 Kh8 23. Qg4 Qc7 24. Qh4 Qe7 25. Rf3 Rg8 26. Rb1 Rc7 27. Rh3
Rg7 28. Qf2 b5 29. Rb3 Rc5 30. Rh6 Qc7 31. h3 Rxc3 32. Rxc3 Qxc3 33. Rxf6 Qc7
34. Qb2 Qe7 35. Rh6 Qg5 36. Rxd6 Qf4 37. Rd8+ Rg8 38. Rxg8+ Kxg8 39. Qe2 Kf8
40. Qc2 Qf1+ 41. Kh2 Qc4 42. Qb1 Ke7 43. a3 a5 44. Qe1 b4 45. Qh4+ Ke8 46. d6
f6 47. Qxf6 Qf7 48. Qxe5+ Kd7 49. axb4 axb4 50. Qb5+ Kxd6 51. Qxb4+ Ke5 52. Qb6
Kf4 53. Qd6+ Ke3 54. f6 Qg6 55. Qg3+ 1-0

[Event "17. Obert Int. Sant Marti 2015 - B"]
[Site "Barcelona ESP"]
[Date "2015.07.19"]
[Round "7.4"]
[White "Nadal Fajardo, Ricard"]
[Black "Chakrabarti, Tamal"]
[Result "1/2-1/2"]
[WhiteElo "2037"]
[BlackElo "2009"]
[PlyCount "44"]
[EventDate "2015.07.13"]
[EventType "swiss"]
[EventRounds "9"]
[EventCountry "ESP"]
[SourceTitle "Ajedrez en Madrid"]
[Source "lmi"]
[SourceDate "2015.07.13"]
[SourceVersion "1"]
[SourceVersionDate "2019.06.21"]
[SourceQuality "1"]

1. e4 c5 2. Nc3 Nc6 3. f4 g6 4. Nf3 Bg7 5. g3 d6 6. Bg2 Bg4 7. h3 Bxf3 8. Qxf3
Nd4 9. Qd1 e6 10. O-O Ne7 11. Ne2 O-O 12. c3 Nxe2+ 13. Qxe2 Rb8 14. a4 a6 15.
g4 f5 16. exf5 exf5 17. Re1 Rf7 18. d3 Qd7 19. Bd2 d5 20. Qe6 Rd8 21. Qxd7 Rxd7
22. g5 Nc6 1/2-1/2

[Event "17. Obert Int. Sant Marti 2015 - B"]
[Site "Barcelona ESP"]
[Date "2015.07.19"]
[Round "7.5"]
[White "Pla Carulla, Joaquim"]
[Black "Sobrevia Castellar, Lluis"]
[Result "0-1"]
[WhiteElo "2034"]
[BlackElo "1999"]
[PlyCount "88"]
[EventDate "2015.07.13"]
[EventType "swiss"]
[EventRounds "9"]
[EventCountry "ESP"]
[SourceTitle "Ajedrez en Madrid"]
[Source "lmi"]
[SourceDate "2015.07.13"]
[SourceVersion "1"]
[SourceVersionDate "2019.06.21"]
[SourceQuality "1"]

1. d4 e6 2. c4 Nf6 3. Nc3 d5 4. Nf3 b6 5. Bf4 a6 6. e3 Bb7 7. a3 Nbd7 8. cxd5
exd5 9. Be2 Be7 10. O-O O-O 11. h3 c5 12. b3 Rc8 13. Ne5 cxd4 14. Qxd4 Nc5 15.
Qd1 Nfe4 16. Nxe4 Nxe4 17. Bd3 Nc3 18. Qh5 Ne4 19. Ng4 f5 20. f3 fxg4 21. fxe4
dxe4 22. Bc4+ Kh8 23. Qxg4 Bf6 24. Rad1 Qe8 25. Rd7 Bc6 26. Ra7 Bb5 27. Bd6
Bxc4 28. bxc4 Rg8 29. Rxa6 Rxc4 30. Rxb6 Qg6 31. Qxg6 hxg6 32. Rb4 Rgc8 33. Rf4
Rxb4 34. axb4 Rc4 35. Kf2 Kg8 36. Kg3 Kf7 37. Rf1 Ke6 38. Bc5 Kd5 39. Kf4 Bc3
40. Rd1+ Ke6 41. Rd6+ Kf7 42. Kg5 Bxb4 43. Bxb4 Rxb4 44. Rd4 Rxd4 0-1

[Event "17. Obert Int. Sant Marti 2015 - B"]
[Site "Barcelona ESP"]
[Date "2015.07.19"]
[Round "7.6"]
[White "Madrid Sole, Antonio"]
[Black "Molina Hernandez, Albert"]
[Result "1-0"]
[WhiteElo "2031"]
[BlackElo "2033"]
[PlyCount "91"]
[EventDate "2015.07.13"]
[EventType "swiss"]
[EventRounds "9"]
[EventCountry "ESP"]
[SourceTitle "Ajedrez en Madrid"]
[Source "lmi"]
[SourceDate "2015.07.13"]
[SourceVersion "1"]
[SourceVersionDate "2019.06.21"]
[SourceQuality "1"]

1. d4 Nf6 2. Nf3 g6 3. Nbd2 Bg7 4. e4 d6 5. Bd3 Nbd7 6. O-O O-O 7. h3 c6 8. Qe2
e5 9. dxe5 dxe5 10. Nc4 Qc7 11. c3 Nc5 12. Bc2 Be6 13. Ncxe5 Rad8 14. Bf4 Nh5
15. Bh2 Qb6 16. b3 Bh6 17. b4 Nd7 18. Nc4 Nf4 19. Bxf4 Bxc4 20. Qxc4 Bxf4 21.
a4 a5 22. Rab1 axb4 23. cxb4 Ne5 24. Nxe5 Bxe5 25. Rbd1 Rd4 26. Rxd4 Bxd4 27.
Bb3 Kg7 28. g3 Be5 29. Kg2 Qd4 30. Qxd4 Bxd4 31. Rd1 Rd8 32. f4 Bb6 33. Kf3
Rxd1 34. Bxd1 Kf6 35. e5+ Ke7 36. Bb3 f5 37. exf6+ Kxf6 38. Ke4 Bf2 39. g4 Be1
40. b5 cxb5 41. axb5 b6 42. g5+ Kg7 43. Kf3 h6 44. Kg4 hxg5 45. Kxg5 Bd2 46.
Bc2 1-0

[Event "17. Obert Int. Sant Marti 2015 - B"]
[Site "Barcelona ESP"]
[Date "2015.07.19"]
[Round "7.7"]
[White "Fleming, Andrew S J"]
[Black "Torres Julian, Marc"]
[Result "1-0"]
[WhiteElo "2012"]
[BlackElo "1976"]
[PlyCount "107"]
[EventDate "2015.07.13"]
[EventType "swiss"]
[EventRounds "9"]
[EventCountry "ESP"]
[SourceTitle "Ajedrez en Madrid"]
[Source "lmi"]
[SourceDate "2015.07.13"]
[SourceVersion "1"]
[SourceVersionDate "2019.06.21"]
[SourceQuality "1"]

1. e4 e5 2. Nf3 Nc6 3. Bb5 Nf6 4. O-O Nxe4 5. d4 Nd6 6. Bxc6 dxc6 7. dxe5 Nf5
8. Qxd8+ Kxd8 9. Nc3 Ne7 10. Bf4 Ng6 11. Bg3 h6 12. Rad1+ Ke8 13. Nd4 Be6 14.
Nxe6 fxe6 15. Ne4 Rd8 16. Rxd8+ Kxd8 17. Rd1+ Kc8 18. Kf1 Be7 19. Rd3 Rf8 20.
Rf3 Rxf3 21. gxf3 Kd7 22. Ke2 c5 23. h4 Nxh4 24. Bxh4 Bxh4 25. Nxc5+ Ke7 26.
Nxb7 Bg5 27. Nc5 h5 28. Nd3 Bh6 29. f4 g5 30. fxg5 Bxg5 31. f4 Bh6 32. Kf3 Kf7
33. Nc5 Bf8 34. Nd3 Kg6 35. Ke4 Be7 36. a3 h4 37. Nf2 Bc5 38. Nh3 Be7 39. c4
Kh5 40. f5 Kg4 41. f6 Bf8 42. Ng1 h3 43. Nf3 Kg3 44. b4 h2 45. Nxh2 Kxh2 46.
Kd4 Kg3 47. c5 Kf4 48. a4 Kf5 49. b5 Bh6 50. a5 Bf4 51. f7 Bxe5+ 52. Kc4 Bg7
53. b6 cxb6 54. c6 1-0

[Event "17. Obert Int. Sant Marti 2015 - B"]
[Site "Barcelona ESP"]
[Date "2015.07.19"]
[Round "7.8"]
[White "Poyato Ruiz, Fernando"]
[Black "Willen, Ronny"]
[Result "0-1"]
[WhiteElo "2024"]
[BlackElo "1950"]
[PlyCount "88"]
[EventDate "2015.07.13"]
[EventType "swiss"]
[EventRounds "9"]
[EventCountry "ESP"]
[SourceTitle "Ajedrez en Madrid"]
[Source "lmi"]
[SourceDate "2015.07.13"]
[SourceVersion "1"]
[SourceVersionDate "2019.06.21"]
[SourceQuality "1"]

1. d4 Nf6 2. c4 g6 3. Nc3 Bg7 4. e4 d6 5. f4 O-O 6. Nf3 c5 7. d5 b5 8. Bd3 bxc4
9. Bxc4 Qb6 10. O-O Ba6 11. Qe2 Bxc4 12. Qxc4 Qb4 13. Qe2 Qb7 14. Rb1 Qa6 15.
Qc2 Nbd7 16. b3 Rab8 17. Na4 Rb4 18. Nd2 Qe2 19. Nc3 Qa6 20. Nc4 Rfb8 21. Bd2
R4b7 22. Na4 Nb6 23. Na5 Rc7 24. Nc6 Re8 25. Nxb6 axb6 26. f5 Nd7 27. Bg5 Ne5
28. Nxe7+ Rcxe7 29. Bxe7 Bh6 30. Bxd6 Be3+ 31. Kh1 Nd3 32. Rbd1 Nb4 33. fxg6
hxg6 34. Qc4 b5 35. Qe2 Bd4 36. Qf3 f5 37. Qf4 Rxe4 38. Qg3 Rg4 39. Qe1 Qxd6
40. Qe8+ Kg7 41. Rde1 Kh6 42. Re7 Qxd5 43. Qf8+ Kg5 44. Rh7 Qxg2# 0-1

[Event "17. Obert Int. Sant Marti 2015 - B"]
[Site "Barcelona ESP"]
[Date "2015.07.19"]
[Round "7.9"]
[White "Perez Cuadrado, Eduardo"]
[Black "Humanes Bespin, Ivan"]
[Result "0-1"]
[WhiteElo "1960"]
[BlackElo "2049"]
[PlyCount "124"]
[EventDate "2015.07.13"]
[EventType "swiss"]
[EventRounds "9"]
[EventCountry "ESP"]
[SourceTitle "Ajedrez en Madrid"]
[Source "lmi"]
[SourceDate "2015.07.13"]
[SourceVersion "1"]
[SourceVersionDate "2019.06.21"]
[SourceQuality "1"]

1. d4 d5 2. c4 c6 3. Nf3 e6 4. cxd5 exd5 5. Bf4 Nf6 6. e3 Bb4+ 7. Nc3 Qa5 8.
Rc1 Ne4 9. Qb3 Nd7 10. a3 Be7 11. Bd3 f5 12. Ne5 Nxe5 13. Bxe5 O-O 14. O-O Nxc3
15. Rxc3 Qd8 16. Qd1 Bd6 17. f4 Qe7 18. Rf3 Bd7 19. Rh3 g6 20. Qf3 b5 21. Rh6
Bxe5 22. dxe5 b4 23. axb4 Qxb4 24. Qh3 Rf7 25. e6 Bxe6 26. Rxc6 Qe1+ 27. Bf1
Re8 28. Qf3 Bd7 29. Rc3 Bb5 30. Qf2 Qxf1+ 31. Qxf1 Bxf1 32. Kxf1 Rb7 33. Rc5
Ree7 34. Rxd5 Rxb2 35. Ra5 Rc7 36. Ra1 a5 37. Rh3 Rc4 38. Rf3 a4 39. Kg1 Kf7
40. Rf2 Rxf2 41. Kxf2 Ke6 42. Ra2 Kd5 43. Ke2 Kc5 44. Kd3 Rb4 45. Rc2+ Kb5 46.
Rc8 a3 47. Kc3 Ra4 48. Rb8+ Kc5 49. Rc8+ Kd6 50. Rd8+ Kc5 51. Rc8+ Kb6 52. Rb8+
Kc7 53. Rb1 Kc6 54. Kb3 Ra7 55. Ra1 Kd5 56. Kc3 a2 57. Kd3 Ra3+ 58. Ke2 Kc4 59.
Kd2 Kb3 60. Kc1 Ra7 61. e4 fxe4 62. g4 Rd7 0-1

[Event "17. Obert Int. Sant Marti 2015 - B"]
[Site "Barcelona ESP"]
[Date "2015.07.19"]
[Round "7.10"]
[White "Garcia Clemente, Julian Francisco"]
[Black "Brunet Gil, Pol"]
[Result "1/2-1/2"]
[WhiteElo "2031"]
[BlackElo "1967"]
[PlyCount "46"]
[EventDate "2015.07.13"]
[EventType "swiss"]
[EventRounds "9"]
[EventCountry "ESP"]
[SourceTitle "Ajedrez en Madrid"]
[Source "lmi"]
[SourceDate "2015.07.13"]
[SourceVersion "1"]
[SourceVersionDate "2019.06.21"]
[SourceQuality "1"]

1. d4 d5 2. c4 c6 3. Nc3 Nf6 4. Bg5 e6 5. cxd5 exd5 6. Qc2 Be7 7. e3 O-O 8. Bd3
h6 9. Bh4 Re8 10. Nge2 Be6 11. O-O Nbd7 12. Nf4 Bd6 13. Nxe6 Rxe6 14. Bf5 Re7
15. e4 dxe4 16. Nxe4 Qc7 17. Nxd6 Qxd6 18. Rad1 Ree8 19. Bg3 Qb4 20. a3 Qb6 21.
d5 cxd5 22. Bxd7 Nxd7 23. Rxd5 Rac8 1/2-1/2

[Event "17. Obert Int. Sant Marti 2015 - B"]
[Site "Barcelona ESP"]
[Date "2015.07.19"]
[Round "7.11"]
[White "Roche Peris, Eduard"]
[Black "Perez Garcia, Jose Miguel"]
[Result "0-1"]
[WhiteElo "1958"]
[BlackElo "2028"]
[PlyCount "66"]
[EventDate "2015.07.13"]
[EventType "swiss"]
[EventRounds "9"]
[EventCountry "ESP"]
[SourceTitle "Ajedrez en Madrid"]
[Source "lmi"]
[SourceDate "2015.07.13"]
[SourceVersion "1"]
[SourceVersionDate "2019.06.21"]
[SourceQuality "1"]

1. Nf3 Nf6 2. d4 c5 3. c4 g6 4. Nc3 cxd4 5. Nxd4 Nc6 6. g3 Bg7 7. Bg2 O-O 8.
O-O Nxd4 9. Qxd4 d6 10. Qd3 a6 11. Bd2 Rb8 12. Rac1 Nd7 13. Qc2 Nc5 14. b4 Nd7
15. Rfd1 Ne5 16. c5 Bf5 17. Be4 Bh3 18. Bf4 Re8 19. cxd6 exd6 20. Nd5 Nc6 21.
a4 Nd4 22. Qd3 Bg4 23. f3 Bd7 24. Nc7 Bxa4 25. Nxe8 Qxe8 26. Bxd6 Rd8 27. Bc7
Rd7 28. Bb6 Bb5 29. Rc4 f5 30. Bxd4 Bxd4+ 31. Kg2 fxe4 32. Qb3 exf3+ 33. Kxf3
Rf7+ 0-1

[Event "17. Obert Int. Sant Marti 2015 - B"]
[Site "Barcelona ESP"]
[Date "2015.07.19"]
[Round "7.12"]
[White "Martinez Talavera, Jordi"]
[Black "Pera Muntasell, Marc"]
[Result "1-0"]
[WhiteElo "2008"]
[BlackElo "1958"]
[PlyCount "99"]
[EventDate "2015.07.13"]
[EventType "swiss"]
[EventRounds "9"]
[EventCountry "ESP"]
[SourceTitle "Ajedrez en Madrid"]
[Source "lmi"]
[SourceDate "2015.07.13"]
[SourceVersion "1"]
[SourceVersionDate "2019.06.21"]
[SourceQuality "1"]

1. d4 d5 2. Nf3 Nf6 3. Bf4 e6 4. e3 h6 5. Nbd2 Bd6 6. Ne5 O-O 7. Bd3 b6 8. h3
Bb7 9. Qf3 Nbd7 10. O-O Qe7 11. a4 a6 12. c3 c5 13. b3 Rfc8 14. Rfc1 Rc7 15.
Be2 Bxe5 16. dxe5 Ne4 17. Nxe4 dxe4 18. Qg4 Kh8 19. Rd1 f6 20. Qh4 Rc6 21. Rd2
Rd8 22. Rad1 Rcc8 23. c4 Kg8 24. Qg3 Kh8 25. Qg6 Nxe5 26. Rxd8+ Rxd8 27. Rxd8+
Qxd8 28. Bxe5 fxe5 29. Qxe6 Qd2 30. Bh5 Qd8 31. Qxe5 Kh7 32. Qf5+ Kg8 33. Qe6+
Kh8 34. Bg6 Ba8 35. Kh2 Qc7+ 36. g3 Qd8 37. Bf5 Qg8 38. Qxb6 Qf8 39. Qg6 Kg8
40. Kg2 Bb7 41. Bxe4 Bxe4+ 42. Qxe4 Qb8 43. Qd3 Kh8 44. e4 Qb7 45. a5 Qb4 46.
e5 Qxa5 47. e6 Qe1 48. Qe3 Qxe3 49. fxe3 Kg8 50. Kf3 1-0